Ricostruisci la Carriera del Calciatore - Valter Birsa - Statistics

Statistiche generali
  • Questo quiz è stato fatto 5 volte
  • Il punteggio medio è 4 su 9
Statistiche sulle risposte
Hint Risposta % Corretto
003-2004 Primorje
100%
2009-2011 Auxerre
75%
2014-2019 Chievo
50%
2004-2006 Gorica
50%
2013-2014 Milan
50%
2006-2009 Sochaux
50%
2019-2020 Cagliari
25%
2011-2012 Genoa
25%
2012-2013 Torino
0%
Nessun quiz corrispondente trovato
Distribuzione punteggi
Percentuale di utenti per punteggio
Percentile per numero di risposta
I tuoi punteggi nel tempo
Non hai fatto questo quiz